|
|
|
|
| LEADER |
00000nam0a2200000 4500 |
| 001 |
31959 |
| 005 |
20231101210052.0 |
| 010 |
|
|
|a 5020299332
|
| 035 |
|
|
|a (RuTPU)RU\TPU\book\32254
|
| 035 |
|
|
|a BOOK00000004
|
| 090 |
|
|
|a 31959
|
| 100 |
|
|
|a 20011210d1992 k y0rusy50 ca
|
| 101 |
0 |
|
|a rus
|
| 102 |
|
|
|a RU
|
| 105 |
|
|
|a a z 001zy
|
| 200 |
1 |
|
|a Волновое течение пленок жидкости
|f С. В. Алексеенко, В. Е. Накоряков, Б. Г. Покусаев
|g Российская академия наук (РАН), Сибирское отделение (СО), Институт теплофизики им. С. С. Кутателадзе (ИТ)
|
| 210 |
|
|
|a Новосибирск
|c Наука
|d 1992
|
| 215 |
|
|
|a 255 с.
|c ил.
|
| 320 |
|
|
|a Библиогр.: с. 232-244.
|
| 606 |
|
|
|a Пленки жидкие
|x Движение
|2 stltpush
|3 (RuTPU)RU\TPU\subj\49218
|9 68020
|
| 610 |
1 |
|
|a гидромеханика
|
| 610 |
1 |
|
|a жидкости
|
| 610 |
1 |
|
|a пленки
|
| 610 |
1 |
|
|a волнообразование
|
| 610 |
1 |
|
|a гидродинамические параметры
|
| 610 |
1 |
|
|a волновое движение
|
| 610 |
1 |
|
|a волны
|
| 610 |
1 |
|
|a влияние
|
| 610 |
1 |
|
|a тепломассоперенос
|
| 675 |
|
|
|a 532.62
|v 3
|
| 700 |
|
1 |
|a Алексеенко
|b С. В.
|c специалист в области энергетики
|c профессор-консультант Томского политехнического университета, доктор физико-математических наук
|f 1950-
|g Сергей Владимирович
|2 stltpush
|3 (RuTPU)RU\TPU\pers\30629
|
| 701 |
|
1 |
|a Накоряков
|b В. Е.
|c физик
|c директор Института теплофизики СО РАН
|c выпускник ТЭФ Томского политехнического университета 1958 г.
|f 1935-
|g Владимир Елиферьевич
|2 stltpush
|3 (RuTPU)RU\TPU\pers\29240
|
| 701 |
|
1 |
|a Покусаев
|b Б. Г.
|g Борис Григорьевич
|
| 712 |
0 |
2 |
|a Российская академия наук (РАН)
|b Сибирское отделение (СО)
|b Институт теплофизики им. С. С. Кутателадзе (ИТ)
|c (Новосибирск)
|2 stltpush
|3 (RuTPU)RU\TPU\col\13430
|
| 801 |
|
0 |
|a RU
|b 63413507
|c 20011210
|g PSBO
|
| 801 |
|
2 |
|a RU
|b 63413507
|c 20170907
|g PSBO
|
| 942 |
|
|
|c BK
|